| 000 | 00462nam a22001577a 4500 | ||
|---|---|---|---|
| 008 | 230322b |||||||| |||| 00| 0 eng d | ||
| 040 |
_aNational Science Library _cNational Science Library |
||
| 080 |
_a658 _bP8 |
||
| 100 | _aChaudhuri, Arindam | ||
| 245 | _aCount your chickens before they hatch | ||
| 260 |
_aNew Delhi: _bVikas Publishing House Pvt. Ltd., _c2001 |
||
| 300 | _axiii, 191p. | ||
| 650 | _aManagement | ||
| 653 | _aMonetary | ||
| 942 |
_2udc _cREF |
||
| 999 |
_c12497 _d12497 |
||